[Event "Olimpiade 2024 - Donne"]
[Site "Budapest"]
[Date "16.09.2024"]
[Round "6.24"]
[Board "3"]
[White "Blokhin, Sofia"]
[Black "Yuliana, Evi"]
[Result "1/2-1/2"]
[WhiteTitle "WFM"]
[WhiteElo "2036"]
[BlackElo "1912"]
[WhiteTeam "Estonia"]
[BlackTeam "Indonesia"]
[WhiteFideId "4508190"]
[BlackFideId "7110294"]
[EventDate "2024.09.11"]

1. e4 d5 2. exd5 Qxd5 3. Nc3 Qa5 4. d4 c6 5. Nf3 Bf5 6. Bc4 e6 7. O-O Nf6 8. Re1
Bb4 9. Bd2 O-O 10. h3 Nbd7 11. Nh4 Bg6 12. Nxg6 hxg6 13. a3 Bxc3 14. Bxc3 Qc7
15. Qf3 Rfd8 16. Rad1 Nb6 17. Bb3 Nbd5 18. Bd2 b5 19. Bg5 Rac8 20. c3 Re8 21.
Bh4 Qf4 22. Qxf4 Nxf4 23. Bg3 N4d5 24. a4 a6 25. axb5 cxb5 26. Ra1 Rc6 27. Ra5
Ra8 28. Rea1 Rb6 29. Bc2 Rc8 30. Bd3 Rcc6 31. Kf1 g5 32. h4 gxh4 33. Bxh4 Nf4
34. Be2 Nxe2 35. Kxe2 Nd5 36. Rc1 Rc4 37. Bg3 Rbc6 38. Kd3 Nb4+ 39. Kd2 Nd5 40.
Kd3 Nb4+ 1/2-1/2

[Event "Olimpiade 2024 - Donne"]
[Site "Budapest"]
[Date "16.09.2024"]
[Round "6.25"]
[Board "1"]
[White "Cvitan, Ena"]
[Black "Tan, Li Ting"]
[Result "0-1"]
[WhiteTitle "FM"]
[BlackTitle "WFM"]
[WhiteElo "2259"]
[BlackElo "2037"]
[WhiteTeam "Croatia"]
[BlackTeam "Malaysia"]
[WhiteFideId "14534215"]
[BlackFideId "5704820"]
[EventDate "2024.09.11"]

1. d4 Nf6 2. c4 e6 3. Nc3 Bb4 4. e3 O-O 5. Ne2 d5 6. a3 Be7 7. cxd5 exd5 8. Nf4
c6 9. Bd3 Re8 10. O-O Nbd7 11. f3 Nf8 12. Bd2 Ng6 13. Nfe2 c5 14. Be1 a6 15. Bf2
cxd4 16. Nxd4 Ne5 17. Rc1 Bc5 18. Bh4 Be7 19. Re1 Be6 20. Bb1 Rc8 21. Qb3 b5 22.
Rcd1 Nc4 23. Kh1 Qb6 24. Qc2 g6 25. e4 Nxe4 26. fxe4 Bxh4 27. exd5 Bxe1 28. dxe6
Bxc3 29. exf7+ Kxf7 30. bxc3 Ne3 31. Qb3+ Kg7 32. Re1 Qb7 33. Re2 Qd5 34. Qb2
Nc4 35. Qa2 Re5 36. Bd3 Rce8 37. a4 Rxe2 38. Bxe2 Ne3 39. Qxd5 Nxd5 40. axb5
Nxc3 0-1

[Event "Olimpiade 2024 - Donne"]
[Site "Budapest"]
[Date "16.09.2024"]
[Round "6.25"]
[Board "3"]
[White "Ivekovic, Tihana"]
[Black "Azhar, Puteri Rifqah Fahada"]
[Result "1/2-1/2"]
[WhiteTitle "WFM"]
[BlackTitle "WFM"]
[WhiteElo "2143"]
[BlackElo "1947"]
[WhiteTeam "Croatia"]
[BlackTeam "Malaysia"]
[WhiteFideId "14517825"]
[BlackFideId "5702879"]
[EventDate "2024.09.11"]

1. d4 d5 2. c4 c6 3. Nf3 Nf6 4. g3 e6 5. Bg2 Nbd7 6. O-O Bd6 7. Nc3 O-O 8. Nd2
Re8 9. e4 dxe4 10. Ndxe4 Nxe4 11. Nxe4 Be7 12. Qc2 Nf6 13. Rd1 Qb6 14. Be3 Qc7
15. Bf4 Qa5 16. a3 Nxe4 17. Bxe4 Qh5 18. Bc7 Bd8 19. Bxd8 Rxd8 20. Qb3 Rd6 21.
Bf3 Qa5 22. Qe3 Qd8 23. Rac1 h6 24. b4 a6 25. a4 Qf6 26. a5 Rd8 27. d5 Bd7 28.
dxc6 Bxc6 29. Bxc6 bxc6 30. Qb6 Rdc8 31. Rd7 Qb2 32. Rcd1 Qc3 33. c5 Qc4 34. Rb7
Qc2 35. Rdd7 Qb1+ 36. Kg2 Qe4+ 37. Kf1 Qb1+ 38. Ke2 Qc2+ 39. Kf3 Qf5+ 40. Ke3
Qe5+ 41. Kf3 Qf5+ 42. Ke2 Qc2+ 43. Ke1 Qb1+ 44. Kd2 Qb2+ 45. Ke3 Qe5+ 46. Kd3
Qf5+ 47. Ke3 1/2-1/2

[Event "Olimpiade 2024 - Donne"]
[Site "Budapest"]
[Date "16.09.2024"]
[Round "6.26"]
[Board "1"]
[White "Movsesian, Julia"]
[Black "Nassr, Lina"]
[Result "1-0"]
[WhiteTitle "WGM"]
[BlackTitle "WIM"]
[WhiteElo "2198"]
[BlackElo "2010"]
[WhiteTeam "Czech Republic"]
[BlackTeam "Algeria"]
[WhiteFideId "4139690"]
[BlackFideId "7908075"]
[EventDate "2024.09.11"]

1. e4 c5 2. Nf3 e6 3. d4 cxd4 4. Nxd4 a6 5. Bd3 Bc5 6. Nb3 Ba7 7. Qg4 Nf6 8. Qg3
d6 9. c4 Nc6 10. Nc3 h5 11. Bg5 Ne5 12. Rd1 Neg4 13. O-O h4 14. Qxg4 Nxg4 15.
Bxd8 Kxd8 16. c5 h3 17. g3 d5 18. exd5 exd5 19. Nxd5 Be6 20. Be4 Kc8 21. Na5 Rb8
22. b4 Bd7 23. Nc4 Be6 24. Nd6+ Kd7 25. Nf4 Kc7 26. Bd5 Bxd5 27. Nxd5+ Kc6 28.
Rfe1 Rhf8 29. Re7 Rbc8 30. Nxc8 Rxc8 31. a4 a5 32. Nb6 1-0

[Event "Olimpiade 2024 - Donne"]
[Site "Budapest"]
[Date "16.09.2024"]
[Round "6.27"]
[Board "1"]
[White "Ptacnikova, Lenka"]
[Black "Zherebtsova, Alexandra"]
[Result "0-1"]
[WhiteTitle "WGM"]
[BlackTitle "FM"]
[WhiteElo "2065"]
[BlackElo "2239"]
[WhiteTeam "Iceland"]
[BlackTeam "Montenegro"]
[WhiteFideId "305650"]
[BlackFideId "24129518"]
[EventDate "2024.09.11"]

1. c4 e6 2. g3 Nf6 3. Bg2 d5 4. Nf3 Be7 5. O-O O-O 6. b3 d4 7. e3 c5 8. Ne5 Qc7
9. f4 Nbd7 10. Nd3 e5 11. g4 exf4 12. g5 Ne8 13. exd4 Bxg5 14. Nc3 Nef6 15. Nb5
Qb6 16. Ba3 cxd4 17. Nd6 Rd8 18. Nxf4 d3+ 19. Kh1 Nc5 20. Nxc8 Raxc8 21. Bxc5
Rxc5 22. Nd5 Qe6 23. Re1 Qd6 24. Rc1 Nxd5 25. Bxd5 Rxd5 26. cxd5 Qxd5+ 27. Kg1
Bf6 28. h3 Bd4+ 29. Kh2 Be5+ 30. Kg1 h5 31. Rf1 Bd4+ 32. Kh2 Be5+ 33. Kg1 Bd4+
34. Kh2 Re8 35. Qf3 Re2+ 36. Kh1 Qxf3+ 37. Rxf3 Rxd2 38. Rc8+ Kh7 39. Rd8 Rd1+
40. Kg2 Rg1+ 41. Kh2 d2 42. Rxd4 d1=Q 43. Rxd1 Rxd1 44. Rxf7 Rd2+ 45. Kg3 Rxa2
46. Rxb7 Kh6 47. Rc7 Ra3 48. Kg2 h4 49. Rd7 Kg6 50. Re7 Kf6 51. Rc7 a5 52. Ra7
g6 53. Ra6+ Kf5 54. Rb6 g5 55. Rc6 Ra2+ 56. Kg1 Re2 57. Rc4 Re4 58. Rc5+ Re5 59.
Rc4 Rb5 60. Kg2 Ke5 61. Rg4 Kf6 62. Ra4 Ke6 63. Ra2 Kd5 64. Ra4 Kc6 65. Rg4 Rxb3
66. Rxg5 Rg3+ 0-1

[Event "Olimpiade 2024 - Donne"]
[Site "Budapest"]
[Date "16.09.2024"]
[Round "6.27"]
[Board "2"]
[White "Skvortsova, Alena"]
[Black "Johannsdottir, Johanna Bjorg"]
[Result "1-0"]
[WhiteTitle "WFM"]
[WhiteElo "2179"]
[BlackElo "2013"]
[WhiteTeam "Montenegro"]
[BlackTeam "Iceland"]
[WhiteFideId "24166251"]
[BlackFideId "2303108"]
[EventDate "2024.09.11"]

1. e4 c5 2. Nf3 Nc6 3. Bb5 Nf6 4. Nc3 g6 5. e5 Ng4 6. Qe2 Bg7 7. Bxc6 dxc6 8. h3
Nh6 9. g4 O-O 10. b3 f6 11. Bb2 fxe5 12. Nxe5 Qc7 13. Na4 b6 14. O-O-O Ba6 15.
Qe3 Nf7 16. f4 Nxe5 17. Bxe5 Bxe5 18. fxe5 c4 19. h4 cxb3 20. axb3 Rf7 21. h5
Rg7 22. hxg6 Rxg6 23. g5 Rf8 24. Rh6 Rf5 25. Rxg6+ hxg6 26. d4 e6 27. Nc3 Qh7
28. Ne4 Qh4 29. Kb2 Qh5 30. Ra1 Qe2 31. Qxe2 Bxe2 32. Rxa7 Rf4 33. Nf6+ Kf8 34.
c3 b5 35. Ka3 Rf3 36. Kb4 Rd3 37. Nd7+ Ke8 38. Nc5 Rg3 39. Nxe6 Bd1 40. Ng7+ Kf8
41. e6 Re3 42. Kc5 Bxb3 43. Kxc6 Rxc3+ 44. Kd6 Re3 45. e7+ 1-0

[Event "Olimpiade 2024 - Donne"]
[Site "Budapest"]
[Date "16.09.2024"]
[Round "6.28"]
[Board "1"]
[White "Terao, Juliana Sayumi"]
[Black "Shohradova, Lala"]
[Result "1/2-1/2"]
[WhiteTitle "FM"]
[BlackTitle "WFM"]
[WhiteElo "2161"]
[BlackElo "2030"]
[WhiteTeam "Brazil"]
[BlackTeam "Turkmenistan"]
[WhiteFideId "2109220"]
[BlackFideId "14004089"]
[EventDate "2024.09.11"]

1. e4 e6 2. d4 d5 3. Nd2 c5 4. exd5 Qxd5 5. dxc5 Qxc5 6. Ngf3 Nf6 7. Bd3 Be7 8.
O-O Nbd7 9. Qe2 O-O 10. c3 b6 11. Ne4 Qc7 12. Ng3 Bb7 13. Bc2 Rfd8 14. Nd4 Bc5
15. Be3 Nd5 16. Ne4 Bxd4 17. Bxd4 f5 18. Ng5 Nf4 19. Qe3 Nf8 20. Be5 Qc6 21. f3
Nd5 22. Qf2 h6 23. Nh3 Ng6 24. Rfe1 b5 25. Qg3 Kh7 26. a3 a5 27. Bd4 b4 28. axb4
axb4 29. Rxa8 Bxa8 30. Bb3 Rd7 31. cxb4 Nf8 32. Bc5 Ng6 33. Qb8 Bb7 34. Qg3 e5
35. Qf2 Qf6 36. Bc2 Ngf4 37. Nxf4 Nxf4 38. Qe3 Qg5 39. g3 Nh3+ 40. Kh1 Qg4 41.
Be4 Bxe4 42. Qxe4 Qh5 43. Qe3 Ng5 44. Rf1 Qh3 45. Ra1 e4 46. fxe4 Nxe4 47. Qf3
Rd2 48. Bg1 Rxb2 49. Rd1 Rc2 50. b5 Rc3 51. Be3 Rc2 52. Bg1 Ng5 53. Qf1 Qg4 54.
Rd4 Ne4 55. Rd3 Rb2 56. b6 Nd2 57. Qf4 Qg6 58. Rd6 Qf7 59. Qd4 Qh5 60. g4 Qh3
61. Qf4 Qxg4 62. Qxg4 fxg4 63. Bd4 Rb1+ 64. Kg2 Nf3 65. Bc3 Rb3 66. Rc6 Ng5 67.
Bd4 Rb4 68. Bc5 Rb2+ 69. Kg3 Ne4+ 70. Kxg4 Nxc5 71. Rxc5 Rxb6 72. h4 Rb4+ 73.
Kg3 Kg6 74. Ra5 Rb3+ 75. Kg4 h5+ 76. Kf4 Kh6 77. Ra4 Rh3 78. Kf5 Rf3+ 79. Ke5
Rg3 80. Kf5 g6+ 81. Ke5 Rg1 82. Rf4 g5 83. Rf6+ Kg7 84. Rf5 Kg6 85. Rf6+ Kg7 86.
Rf5 Re1+ 87. Kd4 gxh4 88. Rxh5 Ra1 89. Ke3 Kg6 90. Rxh4 1/2-1/2

[Event "Olimpiade 2024 - Donne"]
[Site "Budapest"]
[Date "16.09.2024"]
[Round "6.29"]
[Board "1"]
[White "Martynkova, Olena"]
[Black "Caxita, Esperanca"]
[Result "1-0"]
[WhiteTitle "WIM"]
[BlackTitle "WIM"]
[WhiteElo "2176"]
[BlackElo "1932"]
[WhiteTeam "Lithuania"]
[BlackTeam "Angola"]
[WhiteFideId "14134039"]
[BlackFideId "10100903"]
[EventDate "2024.09.11"]

1. d4 d5 2. Nf3 Nf6 3. c4 c6 4. Nc3 a6 5. c5 Nbd7 6. Bf4 g6 7. h3 Bg7 8. e3 O-O
9. Bd3 Re8 10. g4 b6 11. cxb6 Qxb6 12. O-O Bb7 13. Na4 Qa7 14. Rc1 Rac8 15. b4
Nb6 16. Ne5 Nfd7 17. Nc5 Bxe5 18. dxe5 Nxc5 19. bxc5 Nd7 20. Qc2 e6 21. Qc3 a5
22. e4 a4 23. Bh6 Ba6 24. Bxa6 Qxa6 25. exd5 Qb7 26. dxe6 Rxe6 27. f4 Qc7 28.
Rfd1 Nf8 29. Rd6 Rce8 30. f5 gxf5 31. gxf5 Rxh6 32. Rxh6 Qxe5 33. Qxe5 Rxe5 34.
Rxc6 Rxf5 35. Rc8 Kg7 36. c6 Ne6 37. c7 1-0

[Event "Olimpiade 2024 - Donne"]
[Site "Budapest"]
[Date "16.09.2024"]
[Round "6.29"]
[Board "2"]
[White "Junior, Ednasia"]
[Black "Limontaite, Simona"]
[Result "1/2-1/2"]
[WhiteTitle "WFM"]
[BlackTitle "WIM"]
[WhiteElo "1888"]
[BlackElo "2177"]
[WhiteTeam "Angola"]
[BlackTeam "Lithuania"]
[WhiteFideId "10105980"]
[BlackFideId "12802506"]
[EventDate "2024.09.11"]

1. e4 c5 2. Nf3 Nc6 3. c4 e5 4. g3 g6 5. Bg2 Bg7 6. d3 Nge7 7. Be3 d6 8. Qd2 h6
9. Nc3 Rb8 10. Rc1 a6 11. O-O b5 12. b3 Nd4 13. Ne1 O-O 14. f4 exf4 15. Bxf4 g5
16. Be3 Ng6 17. Kh1 Be6 18. Nd5 a5 19. Nf3 Nxf3 20. Rxf3 Ne5 21. Rff1 a4 22. d4
cxd4 23. Bxd4 axb3 24. axb3 bxc4 25. bxc4 Rb3 26. c5 dxc5 27. Bxc5 Rd3 28. Qc2
Re8 29. Rf2 Kh8 30. Bf1 Rf3 31. Rxf3 Nxf3 32. Rd1 1/2-1/2

[Event "Olimpiade 2024 - Donne"]
[Site "Budapest"]
[Date "16.09.2024"]
[Round "6.29"]
[Board "3"]
[White "Simkunaite, Gabija"]
[Black "Pires, Luzia"]
[Result "0-1"]
[WhiteTitle "WFM"]
[BlackTitle "WFM"]
[WhiteElo "2005"]
[BlackElo "1877"]
[WhiteTeam "Lithuania"]
[BlackTeam "Angola"]
[WhiteFideId "12808253"]
[BlackFideId "10101012"]
[EventDate "2024.09.11"]

1. e4 c5 2. c3 d5 3. exd5 Qxd5 4. d4 cxd4 5. cxd4 Nc6 6. Nf3 e6 7. Nc3 Bb4 8.
Bd2 Qd8 9. Bb5 Ne7 10. O-O O-O 11. Bg5 Qa5 12. Bxc6 Nxc6 13. Ne2 h6 14. a3 Be7
15. b4 Qf5 16. Ng3 Qd5 17. Bxe7 Nxe7 18. Re1 Bd7 19. Re5 Qd6 20. Ne4 Qb6 21. Rh5
Bc6 22. Qd3 Rfd8 23. Rc5 a6 24. Ned2 Rd5 25. Nc4 Qd8 26. Rxd5 Bxd5 27. Rd1 Rc8
28. Nce5 Rc7 29. b5 axb5 30. Qxb5 Qc8 31. h3 Rc3 32. Qb4 Nf5 33. Kh2 Qc7 34. Kg1
Rb3 35. Qa4 b5 36. Qa6 Qc2 37. Rf1 f6 38. Ng4 Rxf3 39. gxf3 Nxd4 40. Kh2 Nxf3+
41. Kg3 Qc7+ 42. Kg2 h5 43. Rd1 hxg4 44. Rxd5 Qh2+ 0-1

[Event "Olimpiade 2024 - Donne"]
[Site "Budapest"]
[Date "16.09.2024"]
[Round "6.30"]
[Board "2"]
[White "Monroy G., Nataly A."]
[Black "Frayna, Janelle Mae"]
[Result "0-1"]
[WhiteTitle "WIM"]
[BlackTitle "WGM"]
[WhiteElo "1939"]
[BlackElo "2216"]
[WhiteTeam "Bolivia"]
[BlackTeam "Philippines"]
[WhiteFideId "3304019"]
[BlackFideId "5212499"]
[EventDate "2024.09.11"]

1. d4 Nf6 2. Nf3 g6 3. c4 Bg7 4. Nc3 d5 5. cxd5 Nxd5 6. e4 Nxc3 7. bxc3 c5 8.
Be3 Qa5 9. Qd3 O-O 10. Be2 cxd4 11. Nxd4 Nc6 12. O-O Ne5 13. Qc2 Ng4 14. Bxg4
Bxg4 15. Rab1 Rab8 16. c4 Rfc8 17. Nb3 Qa4 18. Rfc1 b6 19. h3 Be6 20. Nd2 Qa6
21. Rb4 Rc6 22. Ra4 Qb7 23. Ra3 Rbc8 24. Qd3 Bb2 25. Rac3 Qc7 26. g3 Bxc1 27.
Rxc1 Bxc4 28. Nxc4 Rxc4 29. Rd1 Rc3 30. Qd4 Qc4 31. Qe5 Qe6 32. Qd4 R3c4 33. Qd2
Rc2 34. Qd4 Qxh3 35. Qa4 Qh5 36. Rd5 Rc1+ 0-1

[Event "Olimpiade 2024 - Donne"]
[Site "Budapest"]
[Date "16.09.2024"]
[Round "6.30"]
[Board "3"]
[White "Fronda, Jan Jodilyn"]
[Black "Yepez Montenegro, Gloria Luz"]
[Result "1-0"]
[WhiteTitle "WIM"]
[WhiteElo "2165"]
[BlackElo "1818"]
[WhiteTeam "Philippines"]
[BlackTeam "Bolivia"]
[WhiteFideId "5204585"]
[BlackFideId "3318001"]
[EventDate "2024.09.11"]

1. e4 e6 2. d4 d5 3. Nd2 h6 4. Bd3 Nf6 5. e5 Nfd7 6. Ne2 c5 7. c3 Nc6 8. O-O Qb6
9. Nf3 g5 10. h3 Be7 11. a3 h5 12. Bxg5 Bxg5 13. Nxg5 Rf8 14. Nf4 Ndxe5 15. dxe5
Nxe5 16. Re1 Qd6 17. Bb5+ Kd8 18. Qxh5 f6 19. Rxe5 fxe5 20. Ng6 Bd7 21. Nxf8
Qxf8 22. Nf7+ Ke7 23. Bxd7 Qxf7 24. Qxf7+ Kxf7 25. Re1 Kf6 26. Re3 Rd8 27. Rf3+
Ke7 28. Ba4 d4 29. cxd4 exd4 30. Bc2 c4 31. Kf1 b5 32. Be4 a5 33. Ke2 Rb8 34. g4
b4 35. a4 b3 36. g5 Rg8 37. h4 Kd6 38. Rg3 Ke5 39. Bb1 Kf4 40. g6 e5 41. h5 e4
42. h6 d3+ 43. Kd2 e3+ 44. fxe3+ Kxg3 45. h7 Rf8 46. g7 Rf2+ 47. Kc3 d2 48.
g8=Q+ 1-0

[Event "Olimpiade 2024 - Donne"]
[Site "Budapest"]
[Date "16.09.2024"]
[Round "6.31"]
[Board "1"]
[White "Antonova, Nadezhda"]
[Black "Keinanen, Anastasia"]
[Result "1/2-1/2"]
[WhiteTitle "WFM"]
[BlackTitle "WIM"]
[WhiteElo "1967"]
[BlackElo "2212"]
[WhiteTeam "Tajikistan"]
[BlackTeam "Finland"]
[WhiteFideId "14700182"]
[BlackFideId "34101737"]
[EventDate "2024.09.11"]

1. Nf3 d5 2. d4 Nf6 3. Bf4 c5 4. e3 Nc6 5. Nbd2 cxd4 6. exd4 Bf5 7. c3 e6 8. Qb3
Qc8 9. Be2 h6 10. h3 Be7 11. O-O O-O 12. a4 Rd8 13. Rfe1 Ne4 14. Nxe4 Bxe4 15.
Ne5 Bd6 16. Nxc6 bxc6 17. Bxd6 Rxd6 18. Qa3 Qc7 19. a5 Re8 20. f3 Bf5 21. f4 Be4
22. b4 Rb8 23. Qc1 Rd7 24. Qe3 f5 25. Rf1 g5 26. g3 Rg7 27. Kh2 Kh8 28. Rf2 Rbg8
29. Rg1 Qe7 30. Rff1 Rh7 31. Rf2 Qf6 32. Rff1 Qg6 33. Bd3 Rf7 34. Be2 Rgg7 35.
Qd2 Kg8 36. Qd1 Qf6 37. Qa4 Rc7 38. Qd1 Rh7 39. Qd2 Rcg7 40. a6 Kh8 41. Qe3 Rg8 1/2-1/2

[Event "Olimpiade 2024 - Donne"]
[Site "Budapest"]
[Date "16.09.2024"]
[Round "6.33"]
[Board "1"]
[White "Wagener, Anna"]
[Black "Clarke, Adani"]
[Result "1-0"]
[WhiteTitle "WGM"]
[BlackTitle "WFM"]
[WhiteElo "2251"]
[BlackElo "1919"]
[WhiteTeam "Luxembourg"]
[BlackTeam "Jamaica"]
[WhiteFideId "13900285"]
[BlackFideId "7402082"]
[EventDate "2024.09.11"]

1. e4 e6 2. Nf3 d5 3. Nc3 Nf6 4. e5 Nfd7 5. d4 c5 6. dxc5 Bxc5 7. Bd3 Nc6 8. Bf4
Nf8 9. Qe2 Ng6 10. Bg3 Bd7 11. O-O a6 12. Rad1 Rc8 13. Rfe1 Bb4 14. a3 Ba5 15.
b4 Bb6 16. Qd2 Nd4 17. Nxd4 Bxd4 18. Nxd5 Nf8 19. c3 Bxf2+ 20. Bxf2 exd5 21. Bb1
Be6 22. Ba2 Ng6 23. Bc5 Ne7 24. Qf2 Qc7 25. Rd3 Qc6 26. Rg3 Ng6 27. Rf3 Qc7 28.
Qd4 Qd7 29. Bb3 h5 30. Rd3 Rd8 31. Qf2 Qc6 32. a4 Rc8 33. a5 Ne7 34. Rg3 Rh7 35.
Qc2 Bf5 36. Qd1 Qe6 37. Qd2 Rd8 38. Rf3 Qg6 39. Rg3 Qe6 40. Qg5 Nc6 41. Qe3 Rd7
42. Qf2 Kd8 43. Rf3 g6 44. Rfe3 Kc8 45. Qd2 Rh8 46. Bd6 Ne7 47. Qd4 Nc6 48. Qc5
Qe8 49. Bxd5 Rd8 50. c4 Kd7 51. Qb6 Rc8 52. Qxb7+ Kd8 53. Qxa6 Be6 54. Qb6+ Kd7
55. Qb7+ Kd8 56. b5 Bxd5 57. cxd5 Nd4 58. Qb6+ Kd7 59. Qxd4 Qd8 60. b6 1-0

[Event "Olimpiade 2024 - Donne"]
[Site "Budapest"]
[Date "16.09.2024"]
[Round "6.34"]
[Board "1"]
[White "Rouda Essa, Alserkal"]
[Black "Ortiz Verdezoto, Anahi"]
[Result "1-0"]
[WhiteTitle "WCM"]
[BlackTitle "WIM"]
[WhiteElo "2036"]
[BlackElo "2229"]
[WhiteTeam "United Arab Emirates"]
[BlackTeam "Ecuador"]
[WhiteFideId "9314318"]
[BlackFideId "3614581"]
[EventDate "2024.09.11"]

1. e4 e5 2. Nf3 Nc6 3. Bb5 a6 4. Ba4 Nf6 5. O-O d6 6. Re1 Be7 7. c3 O-O 8. h3 b5
9. Bb3 Nb8 10. d4 Nbd7 11. Nbd2 c5 12. d5 c4 13. Bc2 Nc5 14. Nf1 Qc7 15. Ng3 a5
16. Be3 Rb8 17. Nd2 b4 18. f4 bxc3 19. bxc3 exf4 20. Bxf4 Nd3 21. Bxd3 cxd3 22.
c4 Qc5+ 23. Kh2 Rb2 24. Qf3 Qa3 25. Nb3 Qb4 26. Qxd3 Bd8 27. Bd2 Qa4 28. Qc3
Rxd2 29. Nxd2 Qd7 30. Nb3 h5 31. Nxa5 h4 32. Nf1 Nh5 33. Rab1 Bf6 34. Qf3 Be5+
35. Kh1 Ng3+ 36. Nxg3 Bxg3 37. Rf1 f5 38. exf5 Qc7 39. Nc6 Bxf5 40. Nd4 1-0

[Event "Olimpiade 2024 - Donne"]
[Site "Budapest"]
[Date "16.09.2024"]
[Round "6.41"]
[Board "2"]
[White "Roy, Ali"]
[Black "Banda Natalie Katlo"]
[Result "1/2-1/2"]
[WhiteTitle "WFM"]
[BlackTitle "WCM"]
[WhiteElo "1961"]
[BlackElo "1893"]
[WhiteTeam "Scotland"]
[BlackTeam "Botswana"]
[WhiteFideId "2400456"]
[BlackFideId "11315075"]
[EventDate "2024.09.11"]

1. Nf3 d5 2. g3 Nf6 3. Bg2 Bg4 4. O-O e6 5. d3 c6 6. Nbd2 Nbd7 7. c4 Bd6 8. b3
O-O 9. Bb2 e5 10. h3 Be6 11. Rc1 h6 12. Nb1 Re8 13. cxd5 Bxd5 14. Nc3 Qb6 15.
Nxd5 cxd5 16. Qd2 Nh5 17. Kh2 e4 18. dxe4 dxe4 19. Bd4 e3 20. Qc3 Qa6 21. Bxe3
Qxe2 22. Rfe1 Qa6 23. Bf1 Qa3 24. Nd2 Bb4 25. Qd4 Ne5 26. Qe4 Bxd2 27. Bxd2 Qxa2
28. Be3 Nc6 29. Qf3 Nf6 30. Bc4 Ne5 31. Qxb7 Rab8 32. Qg2 Nxc4 33. bxc4 Rb2 34.
Ra1 Qxc4 35. Rxa7 Qc3 36. Raa1 Qb3 37. Qf3 Qb7 38. Qxb7 Rxb7 39. Kg2 Nd5 40. Bd4
Rxe1 41. Rxe1 f6 42. Kf3 Kf7 43. h4 Ne7 44. Bc5 Nc6 45. Ke4 Rd7 46. Rc1 Nd8 47.
Bb6 Re7+ 48. Kd5 Rd7+ 49. Ke4 Re7+ 50. Kd5 Rd7+ 51. Ke4 1/2-1/2

[Event "Olimpiade 2024 - Donne"]
[Site "Budapest"]
[Date "16.09.2024"]
[Round "6.50"]
[Board "4"]
[White "Alvarez Gutierrez, Patricia"]
[Black "Teweldemedhn, Mekdes Teklay"]
[Result "1-0"]
[WhiteElo "1826"]
[BlackElo "1648"]
[WhiteTeam "Nicaragua"]
[BlackTeam "Ethiopia"]
[WhiteFideId "6105548"]
[BlackFideId "15704181"]
[EventDate "2024.09.11"]

1. d4 c5 2. d5 g6 3. c4 d6 4. Nc3 Bg7 5. e4 Qb6 6. Bd3 Qb4 7. Qc2 Nf6 8. h3 O-O
9. Ne2 e6 10. O-O e5 11. Nb5 Qa5 12. Nxd6 a6 13. Nxc8 Rxc8 14. Bd2 Qb6 15. Rab1
Nbd7 16. Bc3 Qd6 17. b4 Qc7 18. b5 a5 19. Qb2 b6 20. f4 Re8 21. f5 Qd6 22. Rf3
Re7 23. Rbf1 Rf8 24. Bd2 h6 25. fxg6 fxg6 26. Qc1 Kh7 27. g4 g5 28. Ng3 Ref7 29.
Nf5 Qb8 30. Qe1 Qd8 31. Qg3 Ng8 32. Bc3 Ne7 33. R3f2 Ng6 34. Nxg7 Rxf2 35. Rxf2
Rxf2 36. Ne6 Qf6 37. Qxf2 Qxf2+ 38. Kxf2 Nf4 39. Nxf4 gxf4 40. h4 Kg6 41. Kf3
Kf6 42. Bd2 Kg6 43. Bxf4 exf4 44. Kxf4 Kf6 45. g5+ hxg5+ 46. hxg5+ Kf7 47. e5
Ke7 48. g6 Kf8 49. Kf5 Kg7 50. e6 Nf6 51. d6 Ne8 52. Ke5 Kf8 53. d7 Ke7 54.
dxe8=Q+ Kxe8 55. Kf6 Kf8 56. g7+ Kg8 57. e7 1-0

[Event "Olimpiade 2024 - Donne"]
[Site "Budapest"]
[Date "16.09.2024"]
[Round "6.52"]
[Board "1"]
[White "Lyons, Kieran"]
[Black "Johnson, Gabriella"]
[Result "1/2-1/2"]
[WhiteTitle "WFM"]
[BlackTitle "WIM"]
[WhiteElo "1818"]
[BlackElo "1896"]
[WhiteTeam "Fiji"]
[BlackTeam "Trinidad & Tobago"]
[WhiteFideId "11400102"]
[BlackFideId "7701128"]
[EventDate "2024.09.11"]

1. e4 e5 2. Nf3 Nc6 3. Bc4 Nf6 4. Ng5 d5 5. exd5 Na5 6. Bb5+ c6 7. dxc6 bxc6 8.
Bd3 Nd5 9. Ne4 Nf4 10. Bf1 f5 11. Ng3 c5 12. Bb5+ Bd7 13. Bxd7+ Qxd7 14. Qf3 Rb8
15. d3 Bd6 16. O-O O-O 17. Nh5 Nxh5 18. Qxh5 Nc6 19. Nd2 Rf6 20. Nc4 f4 21. Qf3
Bc7 22. c3 Rd8 23. Rd1 Na5 24. Qe4 Nxc4 25. Qxc4+ Qd5 26. Qxd5+ Rxd5 27. Kf1 Rh6
28. h3 Rhd6 29. Ke2 g5 30. c4 Rd4 31. f3 Rd8 32. b3 R4d6 33. Bb2 Rc6 34. Bc3 a5
35. Kd2 Kf7 36. Kc2 h5 37. a3 Rb8 38. Rab1 Ra6 39. Re1 Kf6 40. Re2 Bd6 41. Rbe1
Re8 42. d4 cxd4 43. Bxd4 Rc6 44. Bc3 a4 45. Re4 axb3+ 46. Kxb3 Ra6 47. Bb4 Rb8
48. c5 Bxc5 49. R1e2 Rab6 50. Rc4 Bxb4 51. Rxb4 Kf5 52. Re4 Rxb4+ 53. Rxb4 Re8
54. a4 g4 55. hxg4+ hxg4 56. a5 gxf3 57. gxf3 Re6 58. Rb6 e4 59. fxe4+ Rxe4 60.
a6 Re1 61. Rb5+ Kg4 62. Rb4 Rb1+ 63. Kc3 Rxb4 64. Kxb4 f3 65. a7 f2 66. a8=Q
f1=Q 67. Qg8+ Kf3 68. Qf7+ Kg2 69. Qxf1+ Kxf1 1/2-1/2

[Event "Olimpiade 2024 - Donne"]
[Site "Budapest"]
[Date "16.09.2024"]
[Round "6.60"]
[Board "1"]
[White "Sagastegui, Thamara"]
[Black "Ravelomanana, Sabine"]
[Result "1/2-1/2"]
[BlackTitle "WFM"]
[WhiteElo "1544"]
[BlackElo "1926"]
[WhiteTeam "Aruba"]
[BlackTeam "Madagascar"]
[WhiteFideId "15900770"]
[BlackFideId "13100394"]
[EventDate "2024.09.11"]

1. e4 e5 2. Nf3 Nc6 3. d4 exd4 4. Nxd4 Bb4+ 5. Nc3 Qe7 6. Nb5 d6 7. Be2 Nf6 8.
O-O a6 9. Nd5 Nxd5 10. exd5 Ne5 11. Nd4 O-O 12. c3 Bc5 13. Be3 f5 14. Nc2 Bxe3
15. fxe3 Bd7 16. b3 Rf6 17. g3 Raf8 18. Qd2 Nf7 19. Bf3 Ng5 20. Bg2 Qe8 21. Nd4
b6 22. c4 Rh6 23. Qe2 Rff6 24. Rae1 Nf7 25. Nf3 g5 26. Nd4 Ne5 27. Nf3 Nf7 28.
Nd4 g4 29. e4 Ne5 30. exf5 Qh5 31. Bh1 Bxf5 32. Nxf5 Rxf5 33. Rxf5 Qxf5 34. Rf1
Qh5 35. Rf2 Qg5 36. Qf1 Qe3 37. Qe2 Qd4 38. Qd2 Qxd2 39. Rxd2 Kg7 40. Be4 Rf6
41. Rf2 h6 42. Rxf6 Kxf6 43. Kg2 Nf7 44. Kf2 Ke5 45. Ke3 a5 46. a4 Ng5 47. Bg2
Nh7 48. Be4 Nf6 49. Bd3 Nd7 50. Be2 Kf5 51. Bd3+ Kg5 52. Bc2 Nc5 53. Bd1 h5 54.
Bc2 Nd7 55. Bd1 Ne5 56. Be2 h4 57. Bd1 h3 58. Be2 Nd7 59. Bd3 Nf6 60. Bc2 Nh5
61. Be4 Kf6 62. Bh1 Ke5 63. Be4 Ng7 64. Bd3 Ne8 65. Bc2 Nf6 66. Bd3 Nd7 67. Bb1
Nc5 68. Bc2 Na6 69. Bd1 Kf5 70. Bc2+ Kg5 71. Bd1 Nb4 72. Kd2 c6 73. dxc6 Nxc6
74. Ke3 Nb4 75. Ke4 Na2 76. Ke3 Kf5 77. Bc2+ Ke5 78. Bd1 Kf5 79. Bc2+ Kg5 80.
Bb1 Nb4 81. Be4 Na6 82. Kd4 Nc7 83. Ke3 Ne8 84. Kd4 Nf6 85. Bd3 Nd7 86. Ke3 Ne5
87. Be2 Kf5 88. Bd1 Nd7 89. Bc2+ Ke5 90. Bd1 Nf6 91. Bc2 d5 92. cxd5 Nxd5+ 93.
Ke2 Kd4 94. Bf5 Nf6 95. Kd2 Ke5 96. Bd3 Nh5 97. Ke3 Ng7 98. Be4 Ne6 99. Bc2 Nd4
100. Bd1 Nf5+ 101. Kf2 Nh6 102. Ke3 Nf5+ 103. Kf2 Nd4 104. Ke3 Nf5+ 105. Kf2 1/2-1/2